00574nam a2200157 a 450000100080000000500110000800800410001910000260006024500960008626001270018265300220030965300290033165300140036070000190037470000230039316947162012-04-19 2008 bl uuuu u00u1 u #d1 aOLIVEIRA, J. M. F. de aLiteira produzida em sistema agroflorestal implantado em área de mata alterada de Roraima. aIn: ENCONTRO DE PESQUISA E INICIAÇÃO CIENTÍFICA, 7, 2008, Boa Vista, Roraima. Anais.... Boa Vista, Roraima : UFRRc2008 aBactris Gassipaes aClicglagem de Nutrientes aFitomassa1 aSCHWENGBER, D.1 aFERREIRA, L. M. M.